000 00972nas a2200277 4500
001 BR2012002464
003 BR-BrBNA
005 20231205120531.0
007 ta
008 230509b bl.|||p| |||| 00| 00por d
040 _aBR-BrBNA
_bpor
_cBiblioteca Nacional de Agricultura
041 _a(Pt)
072 _aP10; U10
100 1 _aMinella, J.P.G.
100 1 _aMerten, G.H.
100 1 _aMagnago, P.F.
245 1 _aAnálise qualitativa e quantitativa da histerese entre vazão e concentração de sedimentos durante eventos hidrológicos
650 _aBACIA HIDROGRÁFICA
650 _aSEDIMENTAÇÃO
650 _aPRECIPITAÇÃO PLUVIAL
650 _aANÁLISE ESTATÍSTICA
773 0 _tRevista Brasileira de Engenharia Agrícola e Ambiental (Brazil)
_xISSN 1807-1929
_g(Dec 2011), v.15(12) p. 1306-1313
_wBR2012002464
856 4 0 _uhttp://www.scielo.br/pdf/rbeaa/v15n12/a13v15n12.pdf
909 _a202311
_bLúcia
_c55
_dLúcia Elande
942 _2AGRIS
_n0
_cANA
999 _c218996
_d218996